| 000 | 00760nam a22002057a 4500 | ||
|---|---|---|---|
| 999 |
_c18500 _d18500 |
||
| 003 | AR-CdUCM | ||
| 008 | 190514b ||||| |||| 00| 0 spa d | ||
| 040 |
_aMUNICIPALIDAD PROVINCIAL DEL CUSCO _cBIBLIOTECA MUNICIPAL DEL CUSCO |
||
| 082 |
_a394.265 / _bT94 |
||
| 100 |
_aTupayachi Cstillo, Efrain _939125 |
||
| 245 |
_aSeñor de Torrechayoc : _bpatrón vitalicio de la provincia de Urubamba / |
||
| 260 |
_aCusco : _bEdmundo Pantigoso EIRL, _c2009. |
||
| 300 |
_a87 páginas ; _c22 cm. |
||
| 500 | _zIdentidad cultural -- El proceso de religiosidad andina -- Utopía de decepciona -- Sincretismo cultural... | ||
| 650 |
_aSincretismo cultural. _939126 |
||
| 650 |
_aUrubamba. _91753 |
||
| 650 |
_aTorrechayoc. _939127 |
||
| 942 |
_2ddc _cLIBROS |
||
| 945 | _awfj | ||